• 首页
  • 本馆介绍
  • 公告通知
  • 最新文献
  • 馆藏检索
  • 电子资源
  • 读者导购
  • 参考咨询
  • 我的图书馆
  • 登录
  • 详细信息显示
  • 放入我的书架
  • 预约/预借图书
  • 作者相关作品
  • 分类相关作品
  • 丛书相关作品
  • 出版社相关作品

书目信息

  • 表格格式
  • 工作单格式
  • 卡片格式
题名:
南京历代经典诗词
    
 
作者: 冯亦同 编著
分册:  
出版信息: 南京   南京出版社  2016
页数: 228页
开本: 26cm
丛书名: “品读南京”丛书
单 册:
中图分类: I207.227.2
科图分类:
主题词: 古典诗歌--gu dian shi ge--诗歌欣赏--中国
电子资源:
ISBN: 978-7-5533-1416-7
000 00897nam0 22002531 450
001 1760884206
005 20170619171924.0
010    @a978-7-5533-1416-7@dCNY40.00
100    @a20161121d2016 em y0chiy50 ea
101 0  @achi
102    @aCN@b320000
105    @ay z 000gy
106    @ar
200 1  @a南京历代经典诗词@9nan jing li dai jing dian shi ci@f冯亦同编著
210    @a南京@c南京出版社@d2016
215    @a228页@d26cm
225 2  @a“品读南京”丛书@9pin du nan jing cong shu@f徐宁主编
330    @a本书编排以年代为序、作者为目,遴选南京历代经典诗词(包括名额,传统诗、词、曲)150余篇,为读者打开一扇了解南京诗词文化的“品读之窗”。
461  0 @12001 @a“品读南京”丛书
606 0  @a古典诗歌@9gu dian shi ge@x诗歌欣赏@y中国
690    @aI207.227.2@v5
701  0 @a冯亦同@9feng yi tong@f(1941~)@4编著
801  0 @aCN@b百万庄@c20170617
905    @b1013559-61@dI207.227.2@e1033@f3
    
    南京历代经典诗词/冯亦同编著.-南京:南京出版社,2016
    228页;26cm.-(“品读南京”丛书/徐宁主编)
    
    
    ISBN 978-7-5533-1416-7:CNY40.00
    本书编排以年代为序、作者为目,遴选南京历代经典诗词(包括名额,传统诗、词、曲)150余篇,为读者打开一扇了解南京诗词文化的“品读之窗”。
●
相关链接 在E读中查询图书 在五车中查询图书 在当当中查询图书 在豆瓣中查询图书


正题名:南京历代经典诗词     索取号:I207.227.2/1033         预约/预借

序号 登录号 条形码 馆藏地/架位号 状态 备注
1 1013559   210135593   第一样本阅览室/ [索取号:I207.227.2/1033] 在馆    
2 1013560   210135600   教育系资料室/ [索取号:I207.227.2/1033] 在馆    
3 1013561   210135619   第二借阅区/ [索取号:I207.227.2/1033] 在馆    
唐山师范学院图书馆 欢迎您!
大连网信软件有限公司© 版权所有